| 000 | 01545cam a2200337 a 4500 | ||
|---|---|---|---|
| 999 |
_c27340 _d27340 |
||
| 001 | 15677338 | ||
| 005 | 20170208101054.0 | ||
| 008 | 090327s2009 vtua b 000 0 eng | ||
| 010 | _a 2009013252 | ||
| 015 |
_aGBA994890 _2bnb |
||
| 016 | 7 |
_a015380981 _2Uk |
|
| 020 | _a9780804840385 (hardcover) | ||
| 020 | _a0804840385 (hardcover) | ||
| 035 | _a(OCoLC)ocn313645631 | ||
| 040 |
_aDLC _cDLC _dYDX _dBTCTA _dYDXCP _dUKM _dYBM _dDLC |
||
| 043 | _aa-ce--- | ||
| 050 | 0 | 0 |
_aNA1510.63 _b.A55R63 2009 |
| 100 | 1 | _aRobson, David G. | |
| 245 | 1 | 0 |
_aAnjalendran : _barchitect of Sri Lanka / _cDavid Robson ; photography by Waruna Gomis. |
| 260 |
_aNorth Clarendon, VT : _bTuttle Pub., _cc2009. |
||
| 300 |
_a240 p. : _bill. (some col.) ; _c27 cm. |
||
| 504 | _aIncludes bibliographical references. | ||
| 600 | 1 | 0 |
_aAnjalendran, C. _xCriticism and interpretation. |
| 650 | 0 |
_aArchitecture _zSri Lanka _xHistory _y20th century. |
|
| 650 | 0 |
_aArchitecture _zSri Lanka _xHistory _y21st century. |
|
| 942 |
_2lcc _cBOOKS _hNA1510.63 A55R63 2009 |
||